<?xml version="1.0" encoding="UTF-8"?><?xml-stylesheet type="text/xsl" href="static/style.xsl"?><OAI-PMH xmlns="http://www.openarchives.org/OAI/2.0/" xmlns:xsi="http://www.w3.org/2001/XMLSchema-instance" xsi:schemaLocation="http://www.openarchives.org/OAI/2.0/ http://www.openarchives.org/OAI/2.0/OAI-PMH.xsd"><responseDate>2026-04-13T15:05:56Z</responseDate><request verb="GetRecord" identifier="oai:www.recercat.cat:2072/458435" metadataPrefix="marc">https://recercat.cat/oai/request</request><GetRecord><record><header><identifier>oai:recercat.cat:2072/458435</identifier><datestamp>2025-06-12T08:19:49Z</datestamp><setSpec>com_2072_98</setSpec><setSpec>col_2072_378192</setSpec></header><metadata><record xmlns="http://www.loc.gov/MARC21/slim" xmlns:dcterms="http://purl.org/dc/terms/" xmlns:xsi="http://www.w3.org/2001/XMLSchema-instance" xmlns:doc="http://www.lyncode.com/xoai" xsi:schemaLocation="http://www.loc.gov/MARC21/slim http://www.loc.gov/standards/marcxml/schema/MARC21slim.xsd">
   <leader>00925njm 22002777a 4500</leader>
   <datafield ind2=" " ind1=" " tag="042">
      <subfield code="a">dc</subfield>
   </datafield>
   <datafield ind2=" " ind1=" " tag="720">
      <subfield code="a">Soler Garcia, Jordi</subfield>
      <subfield code="e">author</subfield>
   </datafield>
   <datafield ind2=" " ind1=" " tag="260">
      <subfield code="c">2022</subfield>
   </datafield>
   <datafield ind2=" " ind1=" " tag="520">
      <subfield code="a">El procés de construcció del coneixement científic és complex, dinàmic i col·lectiu a partir de l'argumentació basada en evidències, on l'error hi té un paper fonamental. La identificació d'errors i la reflexió al voltant d'aquest element són pràctiques científiques habituals, i sovint actuen com a motor d'aprenentatge, fent que les recerques avancin. Tanmateix, la ciència escolar sovint encara fomenta una visió de la ciència massa simple, linear i centrada en el producte final, on l'error no hi té cabuda. En aquest article es descriuen algunes experiències d'aula basades en un enfocament indagatiu on l'error s'aprofita per a desenvolupar la competència científica de l'alumnat.</subfield>
   </datafield>
   <datafield ind2=" " ind1=" " tag="520">
      <subfield code="a">The process of construction of scientific knowledge is complex, dynamic, collective and built on evidence-based argumentation, in which error plays a fundamental role. The identification of errors and the subsequent reflection are common scientific practices, and often act as a learning engine, moving research fordward. However, school science often continues to foster a vision of science that is too simple, linear and focused on the final product, where there is no room for error. This article describes some classroom experiences based on an inquiry approach in which error is used to develop students' scientific competence.</subfield>
   </datafield>
   <datafield ind2=" " ind1=" " tag="520">
      <subfield code="a">El proceso de construcción del conocimiento científico es complejo, dinámico y colectivo a partir de la argumentación basada en evidencias, donde el error tiene un papel fundamental. La identificación de errores y la reflexión alrededor de este elemento son prácticas científicas habituales, y a menudo actúan como motor de aprendizaje, haciendo que las investigaciones avancen. Sin embargo, la ciencia escolar a menudo todavía fundamenta una visión de la ciencia demasiado simple, linear y centrada en el producto final, donde no cabe el error. En este artículo se describen algunas experiencias de aula basadas en un enfoque indagativo donde el error se aprovecha para desarrollar la competencia científica del alumnado.</subfield>
   </datafield>
   <datafield tag="653" ind2=" " ind1=" ">
      <subfield code="a">Error</subfield>
   </datafield>
   <datafield tag="653" ind2=" " ind1=" ">
      <subfield code="a">Indagació</subfield>
   </datafield>
   <datafield tag="653" ind2=" " ind1=" ">
      <subfield code="a">ECBI</subfield>
   </datafield>
   <datafield tag="653" ind2=" " ind1=" ">
      <subfield code="a">IBM</subfield>
   </datafield>
   <datafield tag="653" ind2=" " ind1=" ">
      <subfield code="a">Pràctiques investigadores</subfield>
   </datafield>
   <datafield tag="653" ind2=" " ind1=" ">
      <subfield code="a">Competència científica</subfield>
   </datafield>
   <datafield tag="653" ind2=" " ind1=" ">
      <subfield code="a">Inquiry</subfield>
   </datafield>
   <datafield tag="653" ind2=" " ind1=" ">
      <subfield code="a">IBSE</subfield>
   </datafield>
   <datafield tag="653" ind2=" " ind1=" ">
      <subfield code="a">Research practices</subfield>
   </datafield>
   <datafield tag="653" ind2=" " ind1=" ">
      <subfield code="a">Scientific competence</subfield>
   </datafield>
   <datafield tag="653" ind2=" " ind1=" ">
      <subfield code="a">Indagación</subfield>
   </datafield>
   <datafield tag="653" ind2=" " ind1=" ">
      <subfield code="a">Prácticas investigadoras</subfield>
   </datafield>
   <datafield tag="653" ind2=" " ind1=" ">
      <subfield code="a">Competencia científica</subfield>
   </datafield>
   <datafield ind2="0" ind1="0" tag="245">
      <subfield code="a">Pensar, fer i entendre ciència a través de l'error</subfield>
   </datafield>
</record></metadata></record></GetRecord></OAI-PMH>